000 00973nam a2200241 a 4500
001 52536
003 BD-RjUL
005 20211209075826.0
008 160921s1982 bg ||||| |||| 00| 0 ben d
035 _a(BD-RjUL)52656
040 _aBD-RjUL
_bBen
_cBD-RjUL
_dBD-RjUL
041 _aben
082 _223
_a651.75
_bMAS 1982
100 _aমান্নান, আবদুল
_9157092
245 1 0 _aসচিব বিদ্যা ও বাণিজ্যিক পত্রালাপ /
_cআদুল মান্নান ও শহীদ উদ্দীন মাহমুদ
250 _a২য় সং.
260 _aচট্টগ্রাম :
_bআবীর পাবলিকেশন,
_c১৯৮২.
300 _a[৬], ১৮৪ পৃ. ;
_c১৯ সেমি.
650 _aপত্রবিনিময়
_9157093
650 _aCorrespondence
_9157094
700 _aমাহমুদ, শহীদ উদ্দীন
_9157095
942 _2ddc
_cBK
999 _c52536
_d52536